000 00379nam a2200133Ia 4500
008 200619s9999 xx 000 0 und d
020 _a9800000000000
100 _aOommen Tiki
245 0 _aReconciliation in Post-Godhra Gujaraj: The Role of Civil Society
264 _bPearson
_c2008
300 _a310
942 _cIR
999 _c120368
_d120368